[Event "Tourn. n10233"]
[Site "www.echecsemail.com"]
[Date "2019.11.25"]
[Round "1"]
[White "Hansen"]
[Black "Picifarkinca"]
[WhiteElo "1650"]
[BlackElo "1750"]
[Result "0-1"]
[Round "1"]
1.e4 e6
2.a3 d5
3.Nb1c3 d4
4.Nc3b5 a6
5.Nb5xd4 c5
6.Nd4f3 Nb8c6
7.d3 b5
8.e5 Bc8b7
9.Qd1d2 Ng8e7
10.Qd2f4 Ne7g6
11.Qf4e4 Qd8c7
12.Qe4g4 Nc6xe5
13.Qg4g5 Ne5xf3
14.gxf3 Bf8e7
15.Qg5g4 O-O
16.Ng1h3 Qc7e5
17.Bf1e2 Ra8d8
18.f4 Qe5f5
19.Qg4f3 Bb7xf3
20.Be2xf3 Qf5xh3
21.Bf3e4 e5
22.f5 Ng6f4
23.Bc1xf4 exf4
24.Ra1d1 f3
25.Kd2 Be7g5
26.Kc3 f6
27.b4 cxb4
28.Kxb4 Qh3g2
29.Rh1g1 Qg2xf2
30.d4 Rd8xd4
31.Rd1xd4 Qf2xd4
{ resign }
0-1

[Event "Match"]
[Site "www.echecsemail.com"]
[Date "2019.11.25"]
[Round "1"]
[White "Picifarkinca"]
[Black "Fereike"]
[WhiteElo "1610"]
[BlackElo "1590"]
[Result "1-0"]
[Round "1"]
1.e4 e5
2.Ng1f3 Nb8c6
3.Bf1c4 Ng8f6
4.Nf3g5 d5
5.exd5 Nc6a5
6.Bc4b5 c6
7.dxc6 bxc6
8.Bb5e2 h6
9.Ng5h3 Bc8xh3
10.gxh3 Bf8c5
11.Be2f3 e4
12.Bf3g2 O-O
13.Nb1c3 Rf8e8
14.O-O Ra8b8
15.a3 Na5c4
16.Ra1b1 Bc5d4
17.Nc3e2 c5
18.b3 Nc4d6
19.d3 exd3
20.Ne2xd4 cxd4
21.Qd1xd3 Nd6e4
22.Bc1b2 Qd8a5
23.Rf1e1 Ne4c3
24.Bb2xc3 Qa5xc3
25.Qd3xc3 dxc3
26.Bg2f3 Kf8
27.Bf3c6 Re8d8
28.Rb1d1 Rd8xd1
29.Re1xd1 Rb8c8
30.Bc6f3 { resign }
1-0

[Event "Match"]
[Site "www.echecsemail.com"]
[Date "2019.11.26"]
[Round "1"]
[White "Apdash"]
[Black "Aperturaf"]
[WhiteElo "2260"]
[BlackElo "2760"]
[Result "1-0"]
[Round "1"]
1.e4 e6
2.d4 d5
3.e5 c5
4.c3 Nb8c6
5.Ng1f3 Ng8e7
6.Bf1b5 Bc8d7
7.Bc1g5 Qd8b6
8.Bb5xc6 bxc6
9.b3 cxd4
10.cxd4 Ne7f5
11.O-O c5
{ time. }
1-0

[Event "Tourn. n10180"]
[Site "www.echecsemail.com"]
[Date "2019.11.26"]
[Round "1"]
[White "Jerome"]
[Black "Ejner"]
[WhiteElo "2430"]
[BlackElo "2510"]
[Result "1-0"]
[Round "1"]
1.e4 e6
2.d4 d5
3.Nb1c3 Bf8b4
4.e5 c5
5.a3 Bb4xc3
6.bxc3 Ng8e7
7.Qd1g4 Ne7f5
8.Bf1d3 h5
9.Qg4f4 Qd8c7
10.Bd3xf5 cxd4
11.Ng1e2 exf5
12.cxd4 Qc7xc2
13.Qf4g3 Kf8
14.Bc1h6 Rh8xh6
15.Ra1c1 Qc2xc1
16.Ne2xc1 Nb8c6
17.Qg3e3 b6
18.O-O Bc8a6
19.Nc1d3 f4
20.Qe3d2 f3
21.Rf1c1 Ba6c4
22.Nd3f4 fxg2
23.Kxg2 b5
24.Rc1g1 Ra8b8
25.Kh1 b4
26.axb4 Rb8xb4
27.f3 Rb4b7
28.Qd2g2 Rh6h7
29.e6 Nc6xd4
30.exf7 Rb7xf7
31.Qg2b2 Nd4c6
32.Rg1g6 Rh7h6
33.Nf4e6 Ke7
34.Qb2b7 { resign }
1-0

[Event "Match"]
[Site "www.echecsemail.com"]
[Date "2019.11.26"]
[Round "1"]
[White "Dorfteich"]
[Black "Eeze"]
[WhiteElo "1699"]
[BlackElo "1800"]
[Result "1-0"]
[Round "1"]
1.e4 e5
2.Bf1c4 Ng8f6
3.d3 h6
4.Nb1c3 c6
5.Ng1f3 b5
6.Bc4b3 b4
7.Nc3e2 Bc8b7
8.Nf3xe5 d5
9.O-O Bf8d6
10.f4 O-O
11.Ne2g3 Nb8d7
12.Ne5xd7 Nf6xd7
13.e5 Qd8b6
14.Kh1 Bd6c5
15.Qd1g4 Kh7
16.c3 Bb7c8
17.Qg4f3 bxc3
18.bxc3 d4
19.Ng3f5 Qb6d8
20.Qf3g3 g6
21.Nf5xd4 Bc5xd4
22.cxd4 Nd7b6
23.Bc1e3 Bc8f5
24.Ra1d1 Nb6d5
25.h3 f6
26.Be3d2 a5
27.Qg3f3 Bf5e6
28.g4 f5
29.Qf3g3  { time }
1-0

[Event "Match"]
[Site "www.echecsemail.com"]
[Date "2019.11.26"]
[Round "1"]
[White "Fegatux"]
[Black "Gimmyg"]
[WhiteElo "2230"]
[BlackElo "2560"]
[Result "0-1"]
[Round "1"]
1.e4 d5
2.exd5 Qd8xd5
3.Nb1c3 Qd5a5
4.d4 Ng8f6
5.Ng1f3 c6
6.Nf3e5 Bc8f5
7.Bf1c4 e6
8.g4 Bf5g6
9.Bc1d2 Nb8d7
10.Qd1e2 Bf8b4
11.O-O-O Nd7xe5
12.dxe5 Nf6d5
13.Nc3xd5 exd5
14.Bc4b3 Bb4xd2
15.Rd1xd2 O-O-O
16.h4 h5
17.f4 Bg6e4
18.Rh1d1 hxg4
19.Qe2xg4 Kb8
20.Kb1 Be4g6
21.Qg4g2 Rh8xh4
22.Qg2g5 Rd8h8
23.e6 Qa5xd2
{ resign }
0-1

[Event "Match"]
[Site "www.echecsemail.com"]
[Date "2019.11.26"]
[Round "1"]
[White "Eeze"]
[Black "Apdash"]
[WhiteElo "1730"]
[BlackElo "2180"]
[Result "0-1"]
[Round "1"]
1.e4 c5
2.c3 d6
3.h3 Ng8f6
4.d3 Nb8c6
5.Bf1e2 g6
6.Bc1g5 Bf8g7
7.Nb1d2 O-O
8.Be2f3 Nc6e5
9.Nd2c4 Nf6d7
10.Bf3e2 Ne5xc4
11.dxc4 h6
12.Bg5h4 Nd7f6
13.Qd1c2 a6
14.Ng1f3 Bc8d7
15.O-O b5
16.cxb5 axb5
17.a3 g5
18.Bh4g3 Bd7c6
19.Nf3d2 Ra8a4
20.Be2f3 Qd8a8
21.Rf1e1 b4
 { time }
0-1

[Event "Tourn. n10154"]
[Site "www.echecsemail.com"]
[Date "2019.11.26"]
[Round "1"]
[White "Ejner"]
[Black "Tartan"]
[WhiteElo "2530"]
[BlackElo "2470"]
[Result "1/2-1/2"]
[Round "1"]
1.Ng1f3 Ng8f6
2.g3 g6
3.b3 Bf8g7
4.Bc1b2 O-O
5.Bf1g2 c5
6.c4 d6
7.O-O Nb8c6
8.d4 Nf6e4
9.Nb1d2 Bc8f5
10.Nf3h4 Ne4xd2
11.Qd1xd2 Bf5c8
12.Bg2xc6 bxc6
13.dxc5 dxc5
14.Qd2c2 e5
15.Ra1d1 Qd8c7
16.Qc2c3 Bc8h3
17.Rf1e1 Rf8e8
18.Nh4g2 Ra8d8
19.Ng2f4 Rd8xd1
20.Re1xd1 Bh3c8
21.Nf4d3 Qc7e7
22.Nd3xe5 Qe7c7
23.f4 f6
24.Ne5d3 Re8xe2
25.Rd1e1 Qc7e7
26.Re1xe2 Qe7xe2
27.Nd3f2 Bc8e6
28.Qc3c1 a6
29.Qc1c3 Kf7
30.Qc3c1 Be6f5
31.Qc1c3 Qe2c2
32.Qc3xc2 Bf5xc2
33.Kf1 Bc2b1
34.a3 Bb1a2
35.Ke2 Ba2xb3
36.Kd3 Bb3a2
37.Bb2c3 Ke6
38.Nf2e4 Ba2b1
39.Ke3 Bb1xe4
{ draw }
1/2-1/2

[Event "Tourn. n10247"]
[Site "www.echecsemail.com"]
[Date "2019.11.26"]
[Round "1"]
[White "Szustan"]
[Black "Galiany17"]
[WhiteElo "2610"]
[BlackElo "2590"]
[Result "1/2-1/2"]
[Round "1"]
1.e4 e5
2.Ng1f3 Nb8c6
3.Nb1c3 Ng8f6
4.d4 exd4
5.Nf3xd4 Bf8b4
6.Nd4xc6 bxc6
7.Bf1d3 d5
8.exd5 cxd5
9.O-O O-O
10.Qd1f3 c6
11.Bc1g5 Ra8b8
12.Bg5xf6 Qd8xf6
13.Qf3xf6 gxf6
14.Nc3e2 Bb4c5
15.b3 Bc8g4
16.Ne2g3 Rf8e8
17.h3 Bg4d7
18.c4 Re8e5
19.Ra1c1 Bc5a3
20.Rc1c2 d4
21.Rf1d1 Rb8e8
22.Kf1 Ba3b4
23.Rc2e2 c5
24.Ng3e4 Kg7
25.Ne4g3 Re5xe2
26.Bd3xe2 Kg6
27.a3 Bb4c3
28.Be2d3 f5
29.Ng3e2 Bc3a5
30.Rd1b1 Kg5
31.b4 Ba5b6
32.g3 Kf6
33.Ne2f4 Bd7c6
34.Rb1e1 Re8xe1
35.Kxe1 Bc6e4
36.Kd2 Ke5
37.Nf4e2 Be4b7
38.Ne2c1 cxb4
39.axb4 a5
40.f4 Ke6
41.c5 Bb6d8
42.Bd3c4 Bb7d5
43.Kd3 axb4
44.Kxd4 Bd8f6
45.Kd3 h5
{ draw }
1/2-1/2

[Event "Tourn. n10231"]
[Site "www.echecsemail.com"]
[Date "2019.11.26"]
[Round "1"]
[White "Malbertan"]
[Black "Dorfteich"]
[WhiteElo "2090"]
[BlackElo "1879"]
[Result "1/2-1/2"]
[Round "1"]
1.e4 d5
2.exd5 Qd8xd5
3.Nb1c3 Qd5d8
4.Bf1c4 Ng8f6
5.Ng1f3 a6
6.Nf3g5 e6
7.d4 h6
8.Ng5e4 b5
9.Bc4b3 Bc8b7
10.f3 Nf6xe4
11.Nc3xe4 Bb7xe4
12.fxe4 Qd8h4
13.Kf1 Qh4xe4
14.c3 Bf8d6
15.Bb3c2 Qe4h4
16.Qd1e2 Nb8d7
17.Bc1e3 Nd7f6
18.Be3f2 Qh4f4
19.Kg1 Nf6g4
20.Bf2g3 Qf4e3
21.Qe2xe3 Ng4xe3
22.Bc2e4 Ra8b8
23.Be4c6 Kd8
24.Bg3h4 g5
25.Bh4g3 Bd6xg3
26.hxg3 Rb8b6
27.Bc6e4 Ne3c4
28.b3 Nc4d6
29.Be4d3 Kd7
30.Kf2 g4
31.Ra1e1 Rb6c6
32.Re1c1 Nd6f5
33.Bd3e2 b4
34.cxb4 Nf5xd4
35.Rc1xc6 Nd4xc6
36.Rh1d1 Ke7
37.a3 f5
38.Be2xa6 Rh8d8
39.Rd1xd8 Nc6xd8
40.b5 Kd6
41.b4 Kd5
42.Ke3 e5
43.a4 Nd8e6
44.Ba6b7 Kc4
45.a5 Kxb5
46.a6 Kb6
47.b5 Ne6d4
48.Bb7c8 h5
49.Bc8d7 Ka7
50.Bd7c8 Kb6
{ draw }
1/2-1/2

[Event "Tourn. n10215"]
[Site "www.echecsemail.com"]
[Date "2019.11.26"]
[Round "1"]
[White "Kevinking"]
[Black "Pariolinius"]
[WhiteElo "2000"]
[BlackElo "1910"]
[Result "0-1"]
[Round "1"]
1.d4 d5
2.c4 e6
3.Nb1c3 c6
4.Ng1f3 Nb8d7
5.e3 Ng8f6
6.Bf1d3 dxc4
7.Bd3xc4 Nd7b6
8.Bc4b3 Bf8e7
9.O-O O-O
10.e4 Qd8c7
11.e5 Nf6d5
12.Bc1d2 Bc8d7
13.Qd1e2 a6
14.a3 c5
15.dxc5 Be7xc5
16.Qe2d3 Nd5xc3
17.Bd2xc3 Bd7b5
18.Qd3e4 Ra8d8
19.Ra1d1 Bb5xf1
20.Rd1xf1 Nb6d5
21.Bb3xd5 Rd8xd5
22.Nf3g5 g6
23.Qe4h4 h5
24.Ng5e4 Bc5e7
25.Ne4f6 Kg7
26.Qh4g5 Be7xf6
27.Qg5xf6 Kh7
28.h4 Qc7d8
29.Qf6f4 Kg7
30.Rf1e1 Rd5d1
31.Re1xd1 Qd8xd1
32.Kh2 Qd1g4
33.Qf4f6 Kg8
34.Bc3d2 Qg4f5
{ resign }
0-1

[Event "Match"]
[Site "www.echecsemail.com"]
[Date "2019.11.26"]
[Round "1"]
[White "Apdash"]
[Black "Chapi"]
[WhiteElo "2230"]
[BlackElo "2090"]
[Result "1/2-1/2"]
[Round "1"]
1.e4 c5
2.Ng1f3 Nb8c6
3.Bf1b5 g6
4.O-O Bf8g7
5.c3 a6
6.Bb5xc6 bxc6
7.d4 cxd4
8.cxd4 Ng8f6
9.Nb1c3 O-O
10.Bc1g5 d6
11.Qd1c2 Nf6d7
12.Qc2d2 c5
13.dxc5 Nd7xc5
14.Bg5h6 Ra8b8
15.Rf1e1 Nc5d3
16.Qd2xd3 Bg7xh6
17.Ra1d1 Rb8xb2
18.e5 Qd8b6
19.Re1e2 Bc8f5
20.Re2xb2 Qb6xb2
21.Qd3d4 dxe5
22.Nf3xe5 Bh6g7
23.f4 Rf8c8
24.Nc3d5 Qb2xd4
25.Rd1xd4 Kf8
26.Nd5b6 Bg7xe5
27.fxe5 Rc8c1
28.Kf2 Rc1c2
29.Kg3 Rc2xa2
30.Rd4d8 Kg7
31.Nb6d5 Ra2d2
32.Kf4 e6
33.Rd8a8 exd5
34.Ra8xa6 Rd2xg2
35.Ra6d6 Bf5e6
36.h3 Rg2f2
37.Ke3 Rf2h2
38.Kf4 Rh2xh3
39.Rd6d8 Rh3h4
40.Kf3 Rh4e4
{ draw }
1/2-1/2

[Event "Tourn. n10223"]
[Site "www.echecsemail.com"]
[Date "2019.11.27"]
[Round "1"]
[White "Gandalf50"]
[Black "Numanoid"]
[WhiteElo "2400"]
[BlackElo "2770"]
[Result "1/2-1/2"]
[Round "1"]
1.c4 e5
2.Ng1f3 d6
3.d4 e4
4.Nf3g5 f5
5.Ng5h3 Ng8f6
6.Nb1c3 Bf8e7
7.Bc1f4 O-O
8.e3 c6
9.Bf1e2 h6
10.O-O Nb8a6
11.Kh1 g5
12.Bf4g3 Bc8e6
13.Nh3g1 Na6c7
14.Ra1c1 Qd8d7
15.f3 d5
16.c5 Nc7e8
17.Qd1e1 Ne8g7
18.b4 Be7d8
19.b5 Bd8c7
20.Bg3xc7 Qd7xc7
21.f4 Nf6g4
22.Nc3d1 Kh7
23.a4 Ng7h5
24.Rc1b1 Qc7g7
25.Be2xg4 fxg4
26.Ng1e2 Be6d7
{ draw }
1/2-1/2

[Event "Tourn. n10145"]
[Site "www.echecsemail.com"]
[Date "2019.11.27"]
[Round "1"]
[White "Pdebonis"]
[Black "Seger"]
[WhiteElo "2730"]
[BlackElo "2820"]
[Result "1/2-1/2"]
[Round "1"]
1.e4 c5
2.Ng1f3 d6
3.Bf1b5 Bc8d7
4.Bb5xd7 Qd8xd7
5.c4 e5
6.Nb1c3 Nb8c6
7.a3 Bf8e7
8.d3 Be7f6
9.O-O Ng8e7
10.Nc3d5 Ne7xd5
11.exd5 Nc6e7
12.Nf3d2 Ne7g6
13.Nd2e4 Bf6e7
14.b4 b6
15.Ra1b1 f5
16.Ne4c3 O-O
17.f3 Be7f6
18.Bc1d2 h5
19.Qd1c2 h4
20.h3 Ng6f4
21.Rb1b3 Ra8e8
22.bxc5 bxc5
23.Rf1b1 Nf4h5
24.Rb3b7 Qd7d8
25.Kh1 Nh5g3
26.Kh2 Re8e7
27.Qc2c1 e4
28.dxe4 fxe4
29.Nc3xe4 Re7xe4
30.fxe4 Bf6e5
31.Qc1e1 Kh7
32.Bd2c3 Rf8f1
33.Bc3xe5 Rf1xe1
34.Rb7xg7 Kh6
35.Rb1xe1 dxe5
36.Rg7g4 Qd8f6
37.Re1b1 Ng3f1
38.Kg1 Nf1e3
39.Rg4g8 Qf6f7
40.Rg8c8 a5
41.a4 Kg5
42.Rb1e1 Kf4
43.Rc8b8 Qf7g6
44.Re1e2 Ne3xc4
45.Rb8h8 Nc4e3
46.Rh8f8 Kxe4
47.Rf8f3 Kxd5
48.Rf3xe3 e4
49.Re2d2 Kc4
50.Rd2d1 Qg6f5
51.Kh1 Qf5f4
52.Rd1c1 Kd5
53.Rc1d1 Ke6
54.Rd1e1 Ke5
55.Re3c3 Qf4f2
56.Re1d1 Ke6
57.Rc3c4 Qf2f5
58.Rd1e1 Kd5
59.Rc4c2 Qf5e5
{ draw }
1/2-1/2

[Event "Match"]
[Site "www.echecsemail.com"]
[Date "2019.11.27"]
[Round "1"]
[White "Guidom"]
[Black "Riemis"]
[WhiteElo "2080"]
[BlackElo "2000"]
[Result "1-0"]
[Round "1"]
1.e4 c5
2.Ng1f3 d6
3.d4 cxd4
4.Nf3xd4 Ng8f6
5.Nb1c3 a6
6.Bf1d3 e5
7.Nd4e2 Bf8e7
8.O-O O-O
9.Bc1g5 Bc8e6
10.h3 Nb8c6
11.Bg5xf6 Be7xf6
12.Nc3d5 Be6xd5
13.exd5 Nc6e7
14.c4 Ra8c8
15.Ne2c3 Ne7g6
16.Nc3e4 Bf6e7
17.g3  { time }
1-0

[Event "Tourn. n10240"]
[Site "www.echecsemail.com"]
[Date "2019.11.27"]
[Round "1"]
[White "Amaya"]
[Black "Fegatux"]
[WhiteElo "2020"]
[BlackElo "2230"]
[Result "0-1"]
[Round "1"]
1.d4 Ng8f6
2.e3 d5
3.Bf1d3 Bc8g4
4.f3 Bg4d7
5.f4 e6
6.Nb1d2 c5
7.c3 Nb8c6
8.Ng1f3 Bf8d6
9.O-O Qd8b6
10.Nf3e5 O-O
11.Qd1f3 Bd6xe5
12.fxe5 Nf6e8
13.Qf3h5 g6
14.Qh5h6 cxd4
15.Nd2f3 f6
16.exf6 Rf8xf6
17.Nf3g5 Rf6xf1
18.Kxf1 Ne8f6
19.exd4 Ra8f8
20.Ke1 Nc6e7
21.Ra1b1 Ne7f5
22.Bd3xf5 exf5
23.Bc1f4 Rf8e8
24.Kd2 Nf6e4
25.Ng5xe4 fxe4
26.Bf4e5 Re8xe5
27.dxe5 Qb6f2
28.Kc1 e3
29.Qh6g5 Qf2d2
{ resign }
0-1

[Event "1/128 Finale"]
[Site "www.chess-mail.com"]
[Date "2019.11.27"]
[Round "1"]
[White "Cal"]
[Black "Picifarkinca"]
[WhiteElo "1820"]
[BlackElo "1570"]
[Result "0-1"]
[Round "1"]
1.c4 e6
2.d4 d5
3.c5 c6
4.Bc1f4 Nb8d7
5.h3 Ng8f6
6.Nb1c3 g6
7.Ng1f3 Bf8g7
8.e3 O-O
9.Bf1d3 Rf8e8
10.a4 b6
11.b4 Bc8b7
12.Qd1e2 Nf6h5
13.Bf4d6 e5
14.dxe5 Nd7xe5
15.Bd6xe5 Bg7xe5
16.Ra1c1 Nh5f4
17.O-O Nf4xe2
18.Nc3xe2 bxc5
19.bxc5 a5
20.h4 Be5g7
21.Nf3g5 Bb7a6
22.Bd3xa6 Ra8xa6
23.Ne2f4 Ra6a8
24.Ng5f3 Ra8b8
25.Rf1d1 Rb8b4
26.Nf4d3 Rb4xa4
27.Nd3f4 Ra4b4
28.h5 a4
29.hxg6 hxg6
30.g3 a3
31.Nf4d3 Rb4c4
32.Nd3f4 Rc4xc1
33.Rd1xc1 a2
34.Nf3d4 Bg7xd4
35.exd4 Qd8a8
36.Rc1a1 Re8e4
37.Kg2 Qa8a3
38.f3 Qa3b2
39.Kh3 Re4xf4
40.Ra1xa2 Qb2xa2
41.gxf4 Qa2a8
42.Kg4 f6
43.Kh4 Kg7
{ resign }
0-1

[Event "Match"]
[Site "www.echecsemail.com"]
[Date "2019.11.28"]
[Round "1"]
[White "Riemis"]
[Black "Ditto"]
[WhiteElo "1949"]
[BlackElo "1880"]
[Result "0-1"]
[Round "1"]
1.e4 e5
2.Ng1f3 Nb8c6
3.Bf1b5 Bf8c5
4.O-O d6
5.c3 Bc8g4
6.d4 exd4
7.cxd4 a6
8.Bb5xc6 bxc6
9.dxc5 Qd8f6
10.Nb1d2 Ng8e7
11.Qd1b3 O-O
12.h3 Bg4e6
13.Qb3c3 Qf6g6
14.Kh2 d5
15.Nf3h4 Qg6g5
16.Nd2f3 Qg5f6
17.e5 d4
18.Qc3xd4 Rf8d8
19.Qd4f4 Qf6xf4
20.Bc1xf4 Ne7d5
21.Bf4g3 Ra8b8
22.b3 Nd5c3
23.Rf1c1 Nc3b5
24.Rc1d1 Nb5c3
25.Rd1xd8 Rb8xd8
26.Nf3g5 Be6c8
27.f4 h6
28.Ng5f3 Bc8e6
29.Bg3e1 Nc3d5
30.f5 Be6d7
31.Nf3d4 Rd8b8
32.e6 fxe6
33.fxe6 Bd7e8
34.Be1d2 Be8h5
35.Nd4xc6 Rb8f8
 { time }
0-1

[Event "Match"]
[Site "www.echecsemail.com"]
[Date "2019.11.28"]
[Round "1"]
[White "Libiesse"]
[Black "Ditto"]
[WhiteElo "1930"]
[BlackElo "1850"]
[Result "1-0"]
[Round "1"]
1.Ng1f3 Ng8f6
2.d4 d5
3.c4 c6
4.cxd5 cxd5
5.Nb1c3 Bc8g4
6.e3 a6
7.Qd1b3 b5
8.Bf1xb5 axb5
9.Qb3xb5 Nb8d7
10.Nf3e5 Bg4e6
11.O-O Ra8b8
12.Qb5a4 Be6f5
13.Rf1e1 e6
14.Ne5c6 Rb8a8
15.Nc6xd8 Ra8xa4
16.Nc3xa4 Kxd8
17.Bc1d2 Bf8d6
18.Re1c1 Ke7
19.Rc1c6 Rh8a8
20.b3 Nf6e4
21.Bd2e1 h6
22.f3 Ne4f6
23.Ra1c1 Ra8b8
24.g4 Bf5d3
25.h4 Bd3b5
26.Rc6xd6 Kxd6
27.Be1b4 Nd7c5
28.Bb4xc5 Kd7
29.Na4c3 Bb5d3
30.g5 hxg5
31.hxg5 Nf6h5
32.Kf2 g6
33.b4 Bd3c4
34.a4 Nh5g7
35.b5 Kc7
36.b6 Kc6
37.a5 Kb7
38.Bc5d6 Rb8a8
39.Rc1a1 Ng7f5
40.Bd6c7 Ra8h8
41.Nc3a4 Rh8h3
42.Na4c5 Kc6
43.Ra1g1 Rh3h8
44.a6 Nf5d6
45.Kg2 Rh8f8
46.Rg1b1 Rf8h8
47.Bc7xd6 Kxd6
48.b7 Kc7
49.a7 Rh8h5
50.b8Q Kc6
51.a8Q 
1-0

[Event "Tourn. n10245"]
[Site "www.echecsemail.com"]
[Date "2019.11.28"]
[Round "1"]
[White "Vasylpuzanov"]
[Black "Juantonio"]
[WhiteElo "1650"]
[BlackElo "1890"]
[Result "1-0"]
[Round "1"]
1.d4 Ng8f6
2.c4 e6
3.Ng1f3 Bf8b4
4.Bc1d2 Bb4xd2
5.Qd1xd2 d5
6.cxd5 exd5
7.Nb1c3 c6
8.Qd2f4 h6
{ time. }
1-0

[Event "Tourn. n10239"]
[Site "www.echecsemail.com"]
[Date "2019.11.28"]
[Round "1"]
[White "Vasylpuzanov"]
[Black "Picifarkinca"]
[WhiteElo "1620"]
[BlackElo "1720"]
[Result "1-0"]
[Round "1"]
1.e4 c5
2.c3 d5
3.exd5 Qd8xd5
4.d4 cxd4
5.cxd4 Nb8c6
6.Ng1f3 Bc8g4
7.Bf1e2 Ng8f6
8.Nb1c3 Qd5d8
9.d5 Nc6b8
10.Bc1f4 a6
11.O-O g6
12.d6 exd6
13.Nf3d4 Bg4xe2
14.Qd1xe2 Qd8e7
15.Qe2f3 Qe7d7
16.Bf4g5 { resign }
1-0

[Event "Tourn. n10192"]
[Site "www.echecsemail.com"]
[Date "2019.11.28"]
[Round "1"]
[White "Vasylpuzanov"]
[Black "Zsigazsuga"]
[WhiteElo "1620"]
[BlackElo "1499"]
[Result "1-0"]
[Round "1"]
1.e4 c5
2.c3 d5
3.exd5 Qd8xd5
4.d4 cxd4
5.cxd4 Nb8c6
6.Ng1f3 Bc8g4
7.Nb1c3 Qd5d8
8.d5 Nc6b8
9.Qd1b3 Qd8c8
10.Nf3e5 Ng8f6
11.Ne5xg4 Nf6xg4
12.Qb3a4 Kd8
13.Bf1e2 Qc8f5
14.Be2xg4 Qf5d3
15.Nc3b5 f5
16.Nb5d4 Nb8a6
17.Nd4e6 { resign }
1-0

[Event "Match"]
[Site "www.echecsemail.com"]
[Date "2019.11.28"]
[Round "1"]
[White "Zsigazsuga"]
[Black "Hundegana"]
[WhiteElo "1499"]
[BlackElo "2000"]
[Result "1-0"]
[Round "1"]
1.e4 c5
2.Ng1f3 e6
3.d4 cxd4
4.Nf3xd4 Ng8f6
5.Bf1d3 Bf8c5
6.Nd4b3 Bc5b6
7.O-O Nb8c6
8.Nb1c3 O-O
9.Kh1 Nc6e5
10.f4 Ne5xd3
11.cxd3 d5
12.e5 Nf6e8
13.d4 f6
14.Bc1e3 Bc8d7
15.a4 Ra8c8
16.a5 Bb6c7
17.a6 b5
18.Nb3c5 fxe5
19.fxe5 Qd8e7
20.b4 Bd7c6
21.Qd1g4 Rf8f5
22.Rf1xf5 exf5
23.Qg4xf5 Rc8a8
24.Ra1f1 g6
25.Qf5e6 Qe7xe6
26.Nc5xe6 Ra8c8
27.Rf1f8 
1-0

[Event "Tourn. n10233"]
[Site "www.echecsemail.com"]
[Date "2019.11.28"]
[Round "1"]
[White "Cal"]
[Black "Osopanda"]
[WhiteElo "1740"]
[BlackElo "1650"]
[Result "1-0"]
[Round "1"]
1.d4 d5
2.h3 e6
3.a3 Bf8d6
4.e3 f5
5.Ng1f3 Ng8f6
6.Nb1c3 O-O
7.b4 c6
8.Bf1e2 Nb8d7
9.Bc1b2 Nf6e4
10.O-O Qd8f6
11.Nf3h2 f4
12.Nc3xe4 dxe4
13.exf4 Qf6xf4
14.g3 Qf4h6
15.c4 e5
16.c5 Bd6c7
17.Be2g4 exd4
18.Qd1xd4 Bc7e5
19.Qd4c4 Kh8
20.Bb2c1 Nd7f6
21.Bc1xh6 Nf6xg4
22.Bh6xg7 Be5xg7
23.hxg4 { resign }
1-0

[Event "Tourn. n10247"]
[Site "www.echecsemail.com"]
[Date "2019.11.28"]
[Round "1"]
[White "Lesbianstar"]
[Black "Galiany17"]
[WhiteElo "2689"]
[BlackElo "2590"]
[Result "0-1"]
[Round "1"]
1.d3 d5
2.g3 Ng8f6
3.Bf1g2 e5
4.c4 c6
5.Ng1f3 Bf8d6
6.O-O O-O
7.cxd5 cxd5
8.Nb1c3 Nb8c6
9.Bc1g5 Bd6e7
10.e3 d4
11.exd4 exd4
12.Bg5xf6 Be7xf6
13.Nc3e4 Bf6e7
14.Rf1e1 Bc8g4
15.a3 Qd8d7
16.b4 Qd7f5
 { time }
0-1

[Event "Tourn. n10258"]
[Site "www.echecsemail.com"]
[Date "2019.11.28"]
[Round "1"]
[White "Rons"]
[Black "Coolant"]
[WhiteElo "2580"]
[BlackElo "2330"]
[Result "1-0"]
[Round "1"]
1.e4 d5
2.exd5 Qd8xd5
3.Nb1c3 Qd5a5
4.Bf1c4 Ng8f6
5.d3 e5
6.Ng1f3 Bc8g4
7.Bc1d2 Qa5b6
8.Bc4xf7 Kxf7
9.Nf3xe5 { resign }
1-0

[Event "Tourn. n10228"]
[Site "www.echecsemail.com"]
[Date "2019.11.29"]
[Round "1"]
[White "Said13"]
[Black "Rons"]
[WhiteElo "2289"]
[BlackElo "2610"]
[Result "1-0"]
[Round "1"]
1.c4 e5
2.Nb1c3 Ng8f6
3.g3 Bf8b4
4.Bf1g2 O-O
5.Ng1f3 Rf8e8
6.O-O e4
7.Nf3d4 Nb8c6
8.Nd4c2 Bb4xc3
9.bxc3 b6
10.f3 Bc8b7
11.fxe4 Nf6xe4
12.Bc1b2 Ne4c5
13.d3 Nc5a4
14.Ra1b1 Qd8e7
15.e3 Na4xb2
16.Rb1xb2 Ra8b8
17.e4 f6
18.Nc2e3 Nc6e5
19.d4 Ne5f7
20.Ne3d5 Bb7xd5
21.cxd5 b5
22.Rb2f2 Nf7d6
23.Rf1e1 a6
24.Qd1b3 g6
25.a4 Kg7
26.axb5 Nd6xb5
27.Qb3c4 Qe7a3
28.Rf2c2 a5
29.e5 fxe5
30.dxe5 Nb5d6
31.Qc4f4 Re8f8
32.Qf4d2 Nd6f5
33.Kh1 Qa3c5
34.e6 dxe6
35.dxe6 Rb8e8
36.g4 Re8d8
37.Qd2c1 Nf5e7
38.c4 Rd8d3
39.Qc1a1 Kg8
40.Re1f1 Rf8xf1
41.Qa1xf1 Qc5d6
42.Qf1f7 Kh8
43.Qf7f6 Kg8
44.Rc2f2 Rd3d1
45.Bg2f1 Qd6d8
46.Kg2 Rd1d2
47.Bf1e2 a4
48.Qf6f3 Rd2c2
49.h4 Qd8e8
50.Kh2 Ne7c6
51.Qf3e4 Rc2d2
52.c5 Rd2d4
53.Qe4e3 Rd4b4
54.h5 Qe8d8
55.h6 Qd8h4
56.Kg2 Rb4xg4
57.Be2xg4 Qh4xg4
58.Qe3g3 Qg4e4
59.Qg3f3 Qe4f5
60.Qf3xc6 { resign }
1-0

[Event "Tourn. n10226"]
[Site "www.echecsemail.com"]
[Date "2019.11.29"]
[Round "1"]
[White "Said13"]
[Black "Bigrezi"]
[WhiteElo "2229"]
[BlackElo "2280"]
[Result "1-0"]
[Round "1"]
1.c4 g6
2.Ng1f3 d6
3.Nb1c3 c5
4.g3 Bf8g7
5.Bf1g2 Nb8c6
6.O-O Bc8e6
7.d3 Ng8f6
8.a3 O-O
9.Ra1b1 a5
10.e3 Qd8c8
11.Qd1c2 Be6h3
12.b3 Bh3xg2
13.Kxg2 Rf8d8
14.d4 cxd4
15.exd4 h6
16.d5 Nc6e5
17.Nf3d4 Ne5d7
18.a4 Nf6g4
19.Nc3b5 Nd7c5
20.f4 Bg7xd4
21.Nb5xd4 f5
22.h3 Ng4f6
23.Bc1a3 e6
24.Ba3xc5 dxc5
25.Nd4xe6 Rd8d6
26.Rb1e1 Ra8a6
27.g4 Rd6xe6
28.dxe6 Ra6xe6
29.gxf5 gxf5
30.Re1e5 Nf6e4
31.Rf1g1 Re6xe5
32.fxe5 Qc8d7
33.Qc2d1 Qd7d2
34.Qd1xd2 Ne4xd2
35.Kg3 Kf7
36.Kf4 b6
37.Kxf5 Nd2f3
38.e6 Kf8
39.Rg1g3 Nf3d4
40.Kf6 { resign }
1-0

[Event "Match"]
[Site "www.echecsemail.com"]
[Date "2019.11.29"]
[Round "1"]
[White "Foxy100"]
[Black "Apdash"]
[WhiteElo "2450"]
[BlackElo "2210"]
[Result "1-0"]
[Round "1"]
1.e4 e5
2.Ng1f3 Nb8c6
3.Bf1c4 Bf8c5
4.c3 Ng8f6
5.d4 exd4
6.e5 Nf6g4
7.cxd4 Bc5b4
8.Bc1d2 Bb4xd2
9.Qd1xd2 O-O
10.Nb1c3 d6
11.h3 Ng4h6
12.Bc4d5 Nc6b4
13.Bd5e4 Bc8f5
14.g4 Bf5xe4
15.Nc3xe4 Nb4d5
16.Ne4c3 dxe5
17.dxe5 f6
18.Qd2xd5 Qd8xd5
19.Nc3xd5 c6
20.Nd5e3 fxe5
21.Ke2 e4
22.Nf3g5 Ra8e8
23.Rh1d1 Re8e7
24.Rd1d2 Nh6f7
25.Ne3f5 Re7e5
26.Ng5xf7 Rf8xf7
27.Ra1d1 h6
28.Rd2d8 Kh7
29.Rd1d7 Rf7xd7
30.Rd8xd7 Re5b5
31.b3 a5
32.Rd7xg7 Kh8
33.Rg7e7 h5
34.Re7xe4 hxg4
35.hxg4 Kh7
36.Re4e7 Kg6
37.Nf5d6 Rb5g5
38.f3 Rg5c5
39.f4 Kf6
40.Re7xb7 Rc5c2
41.Ke3 Rc2xa2
42.Nd6e4 Ke6
43.f5 Ke5
44.Rb7e7 { resign }
1-0

[Event "Tourn. n10199"]
[Site "www.echecsemail.com"]
[Date "2019.11.29"]
[Round "1"]
[White "Kevinking"]
[Black "Andychesston"]
[WhiteElo "1990"]
[BlackElo "1930"]
[Result "0-1"]
[Round "1"]
1.d4 d5
2.Ng1f3 Ng8f6
3.c4 Bc8f5
4.Nb1c3 e6
5.e3 c6
6.Bf1d3 Bf5g6
7.O-O Bf8d6
8.cxd5 exd5
9.Ra1b1 Nf6e4
10.Bc1d2 Ne4xd2
11.Qd1xd2 Nb8d7
12.b4 O-O
13.b5 Nd7b6
14.Bd3xg6 fxg6
15.bxc6 bxc6
16.Qd2e2 Qd8c7
17.h3 Ra8e8
18.Rf1c1 Nb6c4
19.Rb1b3 Rf8f7
20.Nc3a4 Re8f8
21.Na4c5 Bd6xc5
22.dxc5 Rf7xf3
23.gxf3 Qc7e7
24.Rc1xc4 dxc4
25.Qe2xc4 Kh8
26.f4 g5
27.Qc4d4 Rf8d8
28.Rb3b7 Rd8xd4
29.Rb7xe7 Rd4d1
30.Kg2 Kg8
31.Re7xa7 gxf4
32.exf4 Rd1c1
33.Ra7a5 Kf7
34.Kf3 h5
35.a4 Rc1c4
36.Ra5a7 Kf6
37.Ra7c7 Rc4xc5
38.a5 Rc5c3
39.Kg2 h4
40.a6 g5
41.fxg5 Kxg5
42.a7 Rc3a3
43.Rc7xc6 Ra3xa7
44.Rc6c5 Kf4
45.Rc5c4 Kg5
46.f4 Kf5
47.Rc4c2 Kxf4
48.Rc2c4 Kg5
49.Rc4g4 Kh5
50.Rg4g8 Ra7a2
51.Kf3 Ra2a3
52.Kf4 Ra3a4
53.Kf3 Ra4a3
54.Kf4 Ra3a4
{ resign }
0-1

[Event "Tourn. n10214"]
[Site "www.echecsemail.com"]
[Date "2019.11.29"]
[Round "1"]
[White "Seger"]
[Black "Jerome"]
[WhiteElo "2860"]
[BlackElo "2540"]
[Result "1-0"]
[Round "1"]
1.e4 c5
2.g3 g6
3.Bf1g2 Bf8g7
4.Ng1f3 Nb8c6
5.O-O d6
6.d3 e6
7.c3 Ra8b8
8.d4 Ng8e7
9.dxc5 dxc5
10.Qd1xd8 Nc6xd8
11.Bc1f4 Rb8a8
12.a4 Ne7c6
13.e5 b6
14.Nb1a3 O-O
15.Rf1d1 Nc6e7
16.Nf3g5 Nd8c6
17.Ng5e4 Ne7d5
18.Ne4f6 Bg7xf6
19.exf6 Bc8b7
20.Na3c4 Nd5xf4
21.gxf4 Ra8d8
22.Rd1xd8 Rf8xd8
23.a5 Bb7a6
24.Nc4e5 Nc6xe5
25.axb6 axb6
26.fxe5 Ba6e2
27.h4 Rd8d1
28.Ra1xd1 Be2xd1
29.Bg2c6 Bd1b3
30.Bc6b5 Bb3d5
31.f4 { resign }
1-0

[Event "Match"]
[Site "www.echecsemail.com"]
[Date "2019.11.29"]
[Round "1"]
[White "Apdash"]
[Black "Luzhin"]
[WhiteElo "2180"]
[BlackElo "2480"]
[Result "0-1"]
[Round "1"]
1.d4 Ng8f6
2.c4 e6
3.Bc1g5 h6
4.Bg5h4 c5
5.Nb1c3 cxd4
6.Qd1xd4 Nb8c6
7.Qd4d2 Nf6e4
8.Qd2f4 Qd8b6
9.Nc3xe4 Qb6xb2
10.Qf4c1 Bf8b4
11.Kd1 Qb2e5
12.Ne4d2 Bb4xd2
13.Kxd2 Qe5f4
14.e3 Qf4xh4
15.g3 Qh4e4
16.f3 Qe4e5
17.Qc1c3 b6
18.Qc3xe5 Nc6xe5
19.f4 Bc8b7
20.fxe5 Ra8c8
21.Ng1h3 Bb7xh1
22.Bf1d3 Bh1b7
23.a4 Ke7
24.a5 h5
25.axb6 axb6
26.Ra1a7 h4
27.Nh3g5 hxg3
28.hxg3 Bb7g2
29.Ra7a6 b5
30.cxb5 Rh8h2
31.Kd1 f5
32.exf6 gxf6
33.Ng5e4 Bg2f3
34.Bd3e2 Bf3xe4
35.Ra6a7 Rh2h1
36.Be2f1 f5
{ resign }
0-1